| 000 | 00738nam a22002057a 4500 | ||
|---|---|---|---|
| 999 |
_c12954 _d12954 |
||
| 003 | AR-CdUCM | ||
| 008 | 190410b ||||| |||| 00| 0 spa d | ||
| 040 |
_aMUNICIPALIDAD PROVINCIAL DEL CUSCO _cBIBLIOTECA MUNICIPAL DEL CUSCO |
||
| 082 |
_a808.068 / _bB81 |
||
| 100 |
_aBravo Villasante, Carmen _9667 |
||
| 245 | _aAntología de la literatura infantil universal / | ||
| 260 |
_aMadrid : _bDoncel, _c1971. |
||
| 300 |
_a218 páginas ; _bIlustraciones, _c24 cm. |
||
| 505 | _aContenido: Suecia -- Checoslovaquia -- Polonia -- Rumania -- Rusia -- Paises arabes... | ||
| 650 |
_aLiteratura infantil _9588 |
||
| 650 |
_aLiteratura europea _9894 |
||
| 650 |
_aLiteratura universal _9611 |
||
| 942 |
_2ddc _cLIBROS |
||
| 945 |
_adavv _d10/04/2019 |
||